[Event "Oberliga Bayern 0203"]
[Site "Bayern"]
[Date "2003.02.23"]
[Round "7.5"]
[White "Tchoupine, Vitaly"]
[Black "Rodewis, Thomas"]
[Result "0-1"]
[WhiteElo "2178"]
[BlackElo "2328"]
[PlyCount "134"]
[EventDate "2002.10.20"]
[EventType "team"]
[EventRounds "9"]
[EventCountry "GER"]
[SourceTitle "EXT 2004"]
[Source "ChessBase"]
[SourceDate "2003.11.25"]
[SourceVersion "1"]
[SourceVersionDate "2003.11.25"]
[SourceQuality "1"]
[WhiteTeam "Muenchen Schwabing"]
[BlackTeam "Bayern Muenchen"]
[WhiteTeamCountry "GER"]
[BlackTeamCountry "GER"]

1. e4 c5 2. c4 e6 3. Nc3 Nc6 4. Nge2 Nf6 5. Nf4 Bd6 6. d3 0-0 7. g3 Bxf4 8. Bxf4 d5 9. Bg2 dxc4 10. dxc4 Qxd1+ 11. Rxd1 e5 12. Bg5 h6 13. Bxf6 gxf6 14. 0-0 Be6 15. Nd5 Bxd5 16. Rxd5 b6 17. Rd6 Nd4 18. Rxf6 Kg7 19. Rd6 Rad8 20. Rd5 Rxd5 21. exd5 f5 22. Re1 Kf6 23. f3 h5 24. Kf2 h4 25. f4 e4 26. a3 Rb8 27. g4 b5 28. g5+ Kf7 29. cxb5 Rxb5 30. b4 cxb4 31. Bf1 Ra5 32. axb4 Ra2+ 33. Be2 Rb2 34. b5 Nxb5 35. Ke3 Rb3+ 36. Kd2 e3+ 37. Kc1 Nd4 38. d6 Rc3+ 39. Kb1 Ke6 40. d7 Kxd7 41. Rd1 Rb3+ 42. Ka2 Rb4 43. Rd3 Kc6 44. Rxe3 Nxe2 45. Rxe2 Rxf4 46. Rg2 h3 47. Rg3 Rf2+ 48. Kb3 Rxh2 49. g6 Rg2 50. Rxh3 Rxg6 51. Kc4 Rg4+ 52. Kd3 Kd5 53. Rh7 Rg3+ 54. Ke2 Ra3 55. Rd7+ Ke4 56. Re7+ Kf4 57. Rg7 Ra2+ 58. Kd3 Kf3 59. Rf7 f4 60. Rg7 Ra3+ 61. Kd2 Kf2 62. Rf7 f3 63. Rg7 Ra2+ 64. Kd3 Kf1 65. Ke3 f2 66. Rb7 Ra3+ 67. Ke4 Kg2 0-1

[Event "Oberliga Bayern 0203"]
[Site "Bayern"]
[Date "2003.01.12"]
[Round "4.6"]
[White "Tchoupine, Vitaly"]
[Black "Linhart, Wolfgang"]
[Result "1/2-1/2"]
[WhiteElo "2178"]
[BlackElo "2170"]
[PlyCount "81"]
[EventDate "2002.10.20"]
[EventType "team"]
[EventRounds "9"]
[EventCountry "GER"]
[SourceTitle "EXT 2004"]
[Source "ChessBase"]
[SourceDate "2003.11.25"]
[SourceVersion "1"]
[SourceVersionDate "2003.11.25"]
[SourceQuality "1"]
[WhiteTeam "Muenchen Schwabing"]
[BlackTeam "Passau"]
[WhiteTeamCountry "GER"]
[BlackTeamCountry "GER"]

1. e4 c5 2. c4 Nc6 3. Nc3 e6 4. d3 a6 5. g3 g6 6. Bg2 Bg7 7. Nge2 Nge7 8. Rb1 0-0 9. 0-0 Nd4 10. Be3 d6 11. f4 Bd7 12. g4 Bc6 13. Ng3 f5 14. gxf5 exf5 15. Nd5 Bxd5 16. cxd5 Qa5 17. a3 Rae8 18. Bd2 Qd8 19. Kh1 Kh8 20. b4 b6 21. Qa4 fxe4 22. dxe4 Qc8 23. bxc5 b5 24. Qa5 dxc5 25. Qb6 Qd7 26. Qxc5 Rc8 27. Qb6 Rc2 28. Bb4 Rfc8 29. Qxa6 Nxd5 30. exd5 Rxg2 31. Rbc1 Rcc2 32. Rxc2 Rxc2 33. Qd6 Qc8 34. Ba5 h6 35. Qd8+ Qxd8 36. Bxd8 Kg8 37. f5 gxf5 38. Nxf5 Nxf5 39. Rxf5 Bf8 40. Rf6 Bxa3 41. Rxh6 1/2-1/2